| 000 -LEADER |
| fixed length control field |
00485nam a22001457a 4500 |
| 008 - FIXED-LENGTH DATA ELEMENTS--GENERAL INFORMATION |
| fixed length control field |
231211b ||||| |||| 00| 0 eng d |
| 100 ## - MAIN ENTRY--PERSONAL NAME |
| Personal name |
Bhatia, Swati |
| 245 ## - TITLE STATEMENT |
| Title |
Plastic solutions: India needs along with recycling infrastructure to curb plastic pollution in rural India |
| 260 ## - PUBLICATION, DISTRIBUTION, ETC. (IMPRINT) |
| Place of publication, distribution, etc |
Down to Earth |
| 300 ## - PHYSICAL DESCRIPTION |
| Extent |
22(7), Aug 16-31, 2023: p.38-41 |
| 650 ## - SUBJECT ADDED ENTRY--TOPICAL TERM |
| Topical term or geographic name as entry element |
Plastic pollution , Rural India |
| 9 (RLIN) |
46169 |
| 773 ## - HOST ITEM ENTRY |
| Main entry heading |
Down to Earth |
| 906 ## - LOCAL DATA ELEMENT F, LDF (RLIN) |
| Subject DIP |
POLLUTION |
| 942 ## - ADDED ENTRY ELEMENTS (KOHA) |
| Item type |
Articles |